| 000 | 00541nam a22001937a 4500 | ||
|---|---|---|---|
| 003 | KOHA_MİRAKIL | ||
| 005 | 20260325134307.0 | ||
| 008 | 260325b tu ||||| |||| 00| 0 tur d | ||
| 020 | _a9786052191736 | ||
| 040 |
_aTR-AnABB _btur _cTR-AnABB |
||
| 041 | _atur | ||
| 082 |
_a814.42 _bCAG 2019 |
||
| 100 | 1 | _aÇağlar, Yücel | |
| 245 | 1 | 0 |
_aDoğal söyleşiler / _cYücel Çağlar |
| 260 |
_aİstanbul : _bA7 Kitapçılık, _c2019 |
||
| 300 |
_a320 sayfa ; _c20 cm |
||
| 650 | 0 | 4 | _aTürk edebiyatı, deneme |
| 942 |
_2ddc _cBK |
||
| 999 |
_c10052 _d10052 |
||
| 900 | _bCan ÇELIK | ||